Przystanki tramwajowe w Poznaniu - Statystyki

Ogólne statystyki
  • Ten quiz został rozwiązany 719 razy
    379 od ostatniego zresetowania
  • Średni wynik to 79 z 136
Statystyki odpowiedzi
Przystanek % Poprawnych
Poznań Główny
88%
Most Teatralny
87%
AWF
85%
Rondo Kaponiera
85%
Junikowo
84%
Rondo Rataje
84%
Franowo
83%
Os. Sobieskiego
82%
Rondo Śródka
82%
Kórnicka
81%
Ogrody
81%
Półwiejska
81%
Rynek Jeżycki
80%
Dworzec Zachodni
79%
Rondo Starołęka
77%
Wrocławska
77%
Wierzbięcice
76%
Plac Wielkopolski
74%
Dębiec PKM
73%
Fredry
73%
Głogowska/Hetmańska
73%
Miłostowo
73%
Szwedzka
73%
Górczyn PKM
72%
Most Dworcowy
72%
Zamek
72%
Aleje Marcinkowskiego (Marcinkowskiego)
71%
Os. Lecha
71%
Most Św. Rocha
70%
Rynek Wildecki
70%
Słowiańska
70%
Starołęka PKM
70%
Katedra
69%
Żegrze I
69%
Żegrze II
69%
Żegrze III
69%
Błażeja
68%
Gwarna
68%
Małe Garbary
68%
Rondo Nowaka-Jeziorańskiego
68%
Rynek Łazarski
68%
Aleje Solidarności
67%
Serafitek
67%
Os. Czecha
66%
Politechnika
66%
Uniwersytet Ekonomiczny (Towarowa)
66%
Bałtyk
65%
Budziszyńska
65%
Plac Bernardyński
65%
Poznańska
65%
Piątkowska
64%
Wielkopolska
64%
Park Wilsona
63%
Stadion Miejski (INEA Stadion)
63%
Zawady
63%
Arena
62%
Baraniaka
62%
Rondo Żegrze
62%
Szwajcarska
62%
Traugutta
62%
Żeromskiego
62%
Stare ZOO (Zeylanda)
61%
Unii Lubelskiej
61%
Lechicka Poznań Plaza
60%
Połabska
60%
Kurpińskiego
59%
Polanka
59%
Wilczak
59%
Armii Poznań
58%
Polna
58%
Szymanowskiego
58%
Arciszewskiego
57%
Piaśnicka Rynek
57%
Starołęka Mała (Stomil)
57%
Uniwersytet Przyrodniczy
57%
Grochowska
56%
HCP
56%
Matejki
56%
Piaśnicka/Kurlandzka
56%
Plac Ratajskiego
56%
Ratajczaka
56%
Naramowice
55%
Plac Wiosny Ludów
54%
Hetmańska Wiadukt
52%
Os. Rzeczypospolitej
52%
Rolna
52%
Sołacz
52%
Cmentarna
51%
Kolejowa
51%
Kraszewskiego
51%
Os. Piastowskie
51%
Rondo Solidarności
51%
Os. Tysiąclecia
50%
Termalna
50%
Krauthofera
49%
Pasieka
49%
Różana
49%
Św. Michała
49%
Żniwna
49%
Bukowska
48%
Rondo Skubiszewskiego (Smoluchowskiego)
48%
Serbska
48%
Bonin
46%
Klin
46%
Wioślarska
46%
27 Grudnia (Plac Wolności)
45%
Łacina
45%
Łąkowa
44%
Ostroroga
44%
Pamiątkowa
44%
Św. Czesława
44%
Węgorka
44%
Sielska
43%
Wojskowa
43%
Lutycka Szpital (Szpital Lutycka)
42%
Nad Wierzbakiem
42%
Lechicka/Naramowicka
40%
Murawa
40%
Os. Pod Lipami
40%
Wspólna
40%
Drzewieckiego
39%
Jasna Rola
38%
Os. Łokietka
38%
Mogileńska
37%
Bystra
36%
Kosińskiego
36%
Krańcowa
36%
Os. Winiary
36%
Św. Leonarda
36%
Grotkowska
34%
Łomżyńska
34%
Przełajowa
34%
Włodarska
34%
Kmieca
33%
Tadeuszak
30%
Wągrowska
13%
Nie znaleziono quizów pasujących do podanych kryteriów
Rozkład punktacji
Procent ludzi z każdym wynikiem
Percentyl według liczby udzielonych odpowiedzi
Twoja historia wyników
Nie rozwiązałeś tego quizu od ostatniego zresetowania